000 00641nam a22002055i 4500
001 177533
003 ES-MaACL
005 20250528063012.0
008 110331s1981 sp |||| | spa d
020 _a84-500-4852-4
080 _a821.134.2-32"19"
100 1 _aSáenz, Miguel,
_d1932-
_9101299
245 1 0 _aMemsahib /
_cMiguel Sáenz.
260 _aAlcalá de Henares :
_bComisión de Cultura del Ayuntamiento de Alcalá de Henares,
_cimp. 1981.
300 _a69 p. ;
_c22 cm.
490 1 _aAlcalá-Narrativa ;
_v3
830 0 _aAlcalá-Narrativa ;
_v3
_9190393
852 _aES-MaACL
_jE-14744
999 _c177533
_d177533